Los Orígenes de las instituciones de Bretton Woods y de la Organización Mundial del Comercio

Gespeichert in:
Bibliographische Detailangaben
Format: Text
Schlagworte:
Tags: Tag hinzufügen
Keine Tags, Fügen Sie den ersten Tag hinzu!

MARC

LEADER 00000 a a2200000 04500
001 5561
003
040
245 |a Los Orígenes de las instituciones de Bretton Woods y de la Organización Mundial del Comercio  
650 |a INSTITUCIONES FINANCIERAS  
650 |a HISTORIA  
773 |g número 124 -125; páginas 1-3  
999 |c 32636  |d 32636